Antidiskriminačný zákon a zásada rovnakého zaobchádzania v pracovnoprávnych vzťahoch

Bibliographic Details
Main Author: Barancová, Helena, 1949- (Author)
Format: Article
Language:Slovak
ISSN:0032-6984
Subjects:

MARC

LEADER 00000nab a2200000 a 4500
001 vtls008627853
003 SK-MaSNL
005 20260304145730.0
008 250505c2005 xo mr|p|||||||000 b|slo
015 |a SNBRB2006/03 
035 |a (uuid)bf847a57-adf3-437a-9560-112e6884ec7a 
035 |a urn:nbn:sk:snk-ab29xu 
035 |a (urnnbn)urn:nbn:sk:snk:ar-a0206r 
038 |a SNKBUCL 
040 |a SNKBUCL  |b slo  |c SNKBUCL  |e AACR2 
041 0 |a slo  |b eng 
044 |a xo  |c SK 
080 |a 349.2  |2 1997 
100 1 |a Barancová, Helena,  |d 1949-  |4 aut  |9 85515 
245 1 0 |a Antidiskriminačný zákon a zásada rovnakého zaobchádzania v pracovnoprávnych vzťahoch  |c H. Barancová 
504 |a Bibliogr. odkazy 
546 |a Res, angl. 
650 0 7 |a pracovné právo  |2 snkbucl  |9 982 
650 0 7 |a pracovnoprávne vzťahy  |2 snkbucl  |9 2338 
650 0 7 |a antidiskriminačný zákon  |2 snkbucl  |9 476839 
650 0 7 |a zásada rovnakého zaobchádzania  |2 snkbucl  |9 357621 
773 0 |t Právny obzor  |g Roč. 88, č. 4 (2005), s. 335-348  |x 0032-6984 
850 |a Slovenská národná knižnica 
852 |a Slovenská národná knižnica 
954 |a odborná, vedecká literatúra pôvodná (slovenská)  |2 lita 
958 |a article27 
958 |a NB 
958 |a OND 
958 |a EUIPO 
999 |c 2936635  |d 2938565